书目信息 |
| 题名: |
基础有机化学
|
|
| 作者: | 邢其毅 编 | |
| 分册: | 下册 | |
| 出版信息: | 北京 高等教育出版社 1983.09 |
|
| 页数: | 633-1335页 | |
| 开本: | 26m | |
| 丛书名: | ||
| 单 册: | ||
| 中图分类: | O62 | |
| 科图分类: | ||
| 主题词: | 有机化学--高等学校--教材 | |
| 电子资源: | ||
| ISBN: | ||
| 000 | 00673nam0 2200253 45 | |
| 001 | 0180004996 | |
| 005 | 20040923144017.9 | |
| 010 | @dCNY4.55 | |
| 091 | @a13012.0932 | |
| 100 | @a19950602d1983 em y0chiy0121 ea | |
| 101 | 0 | @achi |
| 102 | @aCN@b110000 | |
| 105 | @ay z 000yy | |
| 106 | @ar | |
| 200 | 10 | @a基础有机化学@h下册@Aji chu you ji hua xue@f邢其毅等编 |
| 210 | @a北京@c高等教育出版社@d1983.09 | |
| 215 | @a633-1335页@d26m | |
| 300 | @a高等学校试用教材 | |
| 606 | @a有机化学@x高等学校@x教材 | |
| 690 | @aO62@v3 | |
| 701 | 0 | @a邢其毅@Axing qi yi@4编 |
| 801 | 0 | @aCN@b上海图书馆@c20040524 |
| 801 | 2 | @aCN@bNLC@c20040524 |
| 905 | @dO62@e10:2@f1@b144465 | |
| 基础有机化学.下册/邢其毅等编.-北京:高等教育出版社,1983.09 |
| 633-1335页;26m |
| 高等学校试用教材 |
| ISBN :CNY4.55 |
| ● |
| 相关链接 |
|
|
|
|
正题名:基础有机化学
索取号:O62/10:2
 
预约/预借
| 序号 | 登录号 | 条形码 | 馆藏地/架位号 | 状态 | 备注 |
| 1 | 0109078 | 001049993 | 第三借阅区/ [索取号:O62/10:2] | 在馆 | |
| 2 | 0109079 | 001050007 | 第三借阅区/ [索取号:O62/10:2] | 在馆 | |
| 3 | 0109080 | 001050187 | 第三借阅区/ [索取号:O62/10:2] | 在馆 | |
| 4 | 0109081 | 001050098 | 第三借阅区/ [索取号:O62/10:2] | 在馆 | |
| 5 | 0109082 | 001049984 | 第二样本阅览室/ [索取号:O62/10:2] | 在馆 | |
| 6 | 0144461 | 001470018 | 第三借阅区/ [索取号:O62/10:2] | 在馆 | |
| 7 | 0144462 | 001950213 | 第三借阅区/ [索取号:O62/10:2] | 在馆 | |
| 8 | 0144463 | 001050089 | 第三借阅区/ [索取号:O62/10:2] | 在馆 | |
| 9 | 0144465 | 001962594 | 第三借阅区/ [索取号:O62/10:2] | 在馆 |